[Event "XLIV Memoriał Szachowy Ludwika Zamenhofa 2025, Grupa A"]
[Site "Białystok, Poland"]
[Date "2025.12.31"]
[Round "9.17"]
[White "Butkiewicz, Jan"]
[Black "Przybylski, Jan"]
[Result "1/2-1/2"]
[TimeControl "90'+30\""]
[WhiteElo "2199"]
[BlackElo "2152"]

1. Nf3 {[%clk 01:30:55]} {[%emt 00:00:04]} Nf6 {[%clk 01:30:33]} {[%emt
00:00:27]} 2. g3 {[%clk 01:31:17]} {[%emt 00:00:08]} d5 {[%clk 01:29:05]}
{[%emt 00:01:59]} 3. Bg2 {[%clk 01:31:41]} {[%emt 00:00:05]} Bg4 {[%clk
01:28:10]} {[%emt 00:01:25]} 4. Ne5 {[%clk 01:30:47]} {[%emt 00:01:24]} Bf5
{[%clk 01:26:44]} {[%emt 00:01:56]} 5. c4 {[%clk 01:30:38]} {[%emt 00:00:39]}
c6 {[%clk 01:20:21]} {[%emt 00:06:53]} 6. O-O {[%clk 01:29:48]} {[%emt
00:01:21]} Nbd7 {[%clk 01:16:12]} {[%emt 00:04:39]} 7. d4 {[%clk 01:15:36]}
{[%emt 00:14:42]} e6 {[%clk 01:15:03]} {[%emt 00:01:40]} 8. Nc3 {[%clk
01:14:17]} {[%emt 00:01:46]} Be7 {[%clk 01:11:44]} {[%emt 00:03:51]} 9. Bf4
{[%clk 01:13:08]} {[%emt 00:01:39]} O-O {[%clk 01:09:05]} {[%emt 00:03:09]} 10.
Qb3 {[%clk 01:13:09]} {[%emt 00:00:28]} Qb6 {[%clk 00:57:04]} {[%emt 00:12:32]}
11. Nxd7 {[%clk 00:39:38]} {[%emt 00:34:00]} Nxd7 {[%clk 00:56:59]} {[%emt
00:00:36]} 12. e4 {[%clk 00:38:50]} {[%emt 00:01:18]} dxe4 {[%clk 00:49:30]}
{[%emt 00:07:59]} 13. Nxe4 {[%clk 00:39:07]} {[%emt 00:00:12]} Qxb3 {[%clk
00:43:33]} {[%emt 00:06:28]} 14. axb3 {[%clk 00:39:34]} {[%emt 00:00:02]} Bxe4
{[%clk 00:43:01]} {[%emt 00:01:03]} 15. Bxe4 {[%clk 00:39:59]} {[%emt
00:00:04]} Nf6 {[%clk 00:42:45]} {[%emt 00:00:46]} 16. Bf3 {[%clk 00:40:06]}
{[%emt 00:00:23]} Rfd8 {[%clk 00:42:40]} {[%emt 00:00:36]} 17. Rfd1 {[%clk
00:39:49]} {[%emt 00:00:44]} h6 {[%clk 00:37:51]} {[%emt 00:05:21]} 18. h4
{[%clk 00:39:35]} {[%emt 00:00:44]} a6 {[%clk 00:34:52]} {[%emt 00:03:30]} 19.
Rd3 {[%clk 00:35:41]} {[%emt 00:04:23]} Rd7 {[%clk 00:31:48]} {[%emt 00:03:35]}
20. Rad1 {[%clk 00:35:16]} {[%emt 00:00:54]} Rad8 {[%clk 00:31:06]} {[%emt
00:01:13]} 21. Kf1 {[%clk 00:33:59]} {[%emt 00:01:47]} Bd6 {[%clk 00:29:25]}
{[%emt 00:02:11]} 22. Be3 {[%clk 00:29:58]} {[%emt 00:04:30]} Bc7 {[%clk
00:28:21]} {[%emt 00:01:34]} 23. Ke2 {[%clk 00:29:08]} {[%emt 00:01:20]} e5
{[%clk 00:20:22]} {[%emt 00:08:30]} 24. dxe5 {[%clk 00:25:45]} {[%emt
00:03:52]} Rxd3 {[%clk 00:16:56]} {[%emt 00:03:57]} 25. Rxd3 {[%clk 00:26:10]}
{[%emt 00:00:04]} Rxd3 {[%clk 00:17:22]} {[%emt 00:00:04]} 26. Kxd3 {[%clk
00:26:30]} {[%emt 00:00:09]} Bxe5 {[%clk 00:17:27]} {[%emt 00:00:26]} 27. Bd4
{[%clk 00:25:10]} {[%emt 00:01:50]} Bd6 {[%clk 00:16:26]} {[%emt 00:01:31]} 28.
Bg2 {[%clk 00:10:35]} {[%emt 00:15:05]} Ng4 {[%clk 00:05:04]} {[%emt 00:11:52]}
29. Bh3 {[%clk 00:09:49]} {[%emt 00:01:16]} c5 {[%clk 00:05:10]} {[%emt
00:00:25]} 30. Bxg4 {[%clk 00:09:02]} {[%emt 00:01:17]} cxd4 {[%clk 00:05:31]}
{[%emt 00:00:08]} 31. Bc8 {[%clk 00:09:11]} {[%emt 00:00:22]} b6 {[%clk
00:05:20]} {[%emt 00:00:41]} 32. Bxa6 {[%clk 00:09:39]} Bc5 {[%clk 00:05:15]}
{[%emt 00:00:36]} 33. f4 {[%clk 00:09:26]} {[%emt 00:00:42]} Kf8 {[%clk
00:05:16]} {[%emt 00:00:29]} 34. g4 {[%clk 00:09:53]} {[%emt 00:00:03]} Ke7
{[%clk 00:05:36]} {[%emt 00:00:10]} 35. Bb7 {[%clk 00:09:49]} {[%emt 00:00:34]}
g6 {[%clk 00:04:41]} {[%emt 00:01:25]} 36. h5 {[%clk 00:05:44]} {[%emt
00:04:35]} gxh5 {[%clk 00:03:09]} {[%emt 00:02:02]} 37. gxh5 {[%clk 00:06:13]}
Ke6 {[%clk 00:01:14]} {[%emt 00:02:25]} 38. Bc8+ {[%clk 00:06:34]} {[%emt
00:00:09]} Kd6 {[%clk 00:01:02]} {[%emt 00:00:43]} 39. Ke4 {[%clk 00:06:57]}
{[%emt 00:00:06]} Kc7 {[%clk 00:00:56]} {[%emt 00:00:37]} 40. Bf5 {[%clk
00:07:04]} {[%emt 00:00:20]} Kd6 {[%clk 00:01:22]} {[%emt 00:00:07]} 41. Bg4
{[%clk 00:07:30]} {[%emt 00:00:03]} Kc6 {[%clk 00:00:40]} {[%emt 00:01:13]} 42.
Bf3 {[%clk 00:05:09]} {[%emt 00:02:50]} Kd6 {[%clk 00:00:57]} {[%emt 00:00:15]}
43. Bg2 {[%clk 00:03:58]} {[%emt 00:01:40]} Ke6 {[%clk 00:01:04]} {[%emt
00:00:23]} 44. Bh3+ {[%clk 00:03:47]} {[%emt 00:00:40]} Kd6 {[%clk 00:01:26]}
{[%emt 00:00:08]} 45. Bg4 {[%clk 00:02:32]} {[%emt 00:01:45]} Kc6 {[%clk
00:01:51]} {[%emt 00:00:05]} 46. Bf5 {[%clk 00:02:59]} {[%emt 00:00:03]} Kd6
{[%clk 00:02:16]} {[%emt 00:00:06]} 47. Bh7 {[%clk 00:03:15]} {[%emt 00:00:14]}
Ke6 {[%clk 00:02:19]} {[%emt 00:00:28]} 48. Bg8 {[%clk 00:01:54]} {[%emt
00:01:50]} Kf6 {[%clk 00:02:39]} {[%emt 00:00:09]} 49. Bh7 {[%clk 00:01:54]}
{[%emt 00:00:30]} Ke6 {[%clk 00:03:06]} {[%emt 00:00:04]} 50. Bf5+ {[%clk
00:01:53]} {[%emt 00:00:31]} Ke5+ {[%emt 00:02:50]} 1/2-1/2

[Event "XLIV Memoriał Szachowy Ludwika Zamenhofa 2025, Grupa A"]
[Site "Białystok, Poland"]
[Date "2025.12.31"]
[Round "9.19"]
[White "Kiolbasa, Damian"]
[Black "Buklaho, Ignacy"]
[Result "0-1"]
[TimeControl "90'+30\""]
[WhiteElo "2079"]
[BlackElo "2049"]

1. Nf3 {[%clk 01:27:30]} {[%emt 00:03:15]} d5 {[%clk 01:30:54]} {[%emt
00:00:06]} 2. e3 {[%clk 01:27:54]} {[%emt 00:00:06]} Nf6 {[%emt 00:00:05]} 3.
c4 {[%clk 01:28:14]} {[%emt 00:00:10]} e6 {[%clk 01:31:30]} {[%emt 00:00:20]} 4.
Nc3 {[%clk 01:28:39]} {[%emt 00:00:04]} Be7 {[%clk 01:31:55]} {[%emt 00:00:05]}
5. b3 {[%clk 01:28:53]} {[%emt 00:00:17]} O-O {[%clk 01:32:19]} {[%emt
00:00:06]} 6. Bb2 {[%clk 01:29:15]} {[%emt 00:00:07]} b6 {[%clk 01:32:36]}
{[%emt 00:00:13]} 7. cxd5 {[%clk 01:29:35]} {[%emt 00:00:11]} exd5 {[%clk
01:32:59]} {[%emt 00:00:06]} 8. Be2 {[%clk 01:29:50]} {[%emt 00:00:15]} Bb7
{[%clk 01:33:22]} {[%emt 00:00:08]} 9. O-O {[%clk 01:30:13]} {[%emt 00:00:06]}
Nbd7 {[%clk 01:33:01]} {[%emt 00:00:52]} 10. Rc1 {[%clk 01:30:36]} {[%emt
00:00:07]} Rc8 {[%clk 01:33:26]} {[%emt 00:00:05]} 11. Nb5 {[%clk 01:29:00]}
{[%emt 00:02:06]} a6 {[%clk 01:32:04]} {[%emt 00:01:51]} 12. Nbd4 {[%clk
01:29:28]} {[%emt 00:00:02]} c5 {[%clk 01:31:16]} {[%emt 00:01:19]} 13. Nf5
{[%clk 01:29:55]} {[%emt 00:00:02]} Re8 {[%clk 01:31:04]} {[%emt 00:00:42]} 14.
Nxe7+ {[%clk 01:29:49]} {[%emt 00:00:37]} Qxe7 {[%clk 01:31:31]} {[%emt
00:00:03]} 15. d4 {[%clk 01:29:48]} {[%emt 00:00:31]} Ne4 {[%emt 00:04:00]} 16.
dxc5 {[%clk 01:29:50]} {[%emt 00:00:27]} bxc5 {[%clk 01:28:11]} {[%emt
00:00:20]} 17. b4 {[%clk 01:29:25]} {[%emt 00:00:55]} cxb4 {[%clk 01:24:40]}
{[%emt 00:04:02]} 18. Qd4 {[%clk 01:29:45]} {[%emt 00:00:10]} Ndf6 {[%clk
01:12:43]} {[%emt 00:12:27]} 19. Bd3 {[%clk 01:29:58]} {[%emt 00:00:16]} a5
{[%clk 01:10:46]} {[%emt 00:02:27]} 20. Nh4 {[%clk 01:26:34]} {[%emt 00:03:54]}
Ba8 {[%clk 01:01:39]} {[%emt 00:09:38]} 21. Nf5 {[%clk 01:18:12]} {[%emt
00:08:51]} Qe6 {[%clk 00:58:08]} {[%emt 00:04:01]} 22. Rxc8 {[%clk 01:11:15]}
{[%emt 00:07:27]} Rxc8 {[%clk 00:56:15]} {[%emt 00:02:23]} 23. Bxe4 {[%clk
01:10:05]} {[%emt 00:01:40]} dxe4 {[%clk 00:55:16]} {[%emt 00:01:29]} 24. g4
{[%clk 01:10:34]} {[%emt 00:00:02]} h6 {[%clk 00:35:37]} {[%emt 00:20:09]} 25.
Rc1 {[%clk 01:05:18]} {[%emt 00:05:46]} Rxc1+ {[%clk 00:33:57]} {[%emt
00:02:10]} 26. Bxc1 {[%clk 01:05:46]} {[%emt 00:00:01]} Kh7 {[%clk 00:33:44]}
{[%emt 00:00:43]} 27. a3 {[%clk 01:00:18]} {[%emt 00:05:59]} b3 {[%clk
00:30:46]} {[%emt 00:03:28]} 28. Qc3 {[%clk 01:00:21]} {[%emt 00:00:26]} Qd5
{[%clk 00:28:49]} {[%emt 00:02:27]} 29. Bb2 {[%clk 00:58:53]} {[%emt 00:01:58]}
Qd1+ {[%clk 00:28:33]} {[%emt 00:00:46]} 30. Kg2 {[%clk 00:59:22]} {[%emt
00:00:01]} Qxg4+ {[%clk 00:28:36]} {[%emt 00:00:27]} 31. Ng3 {[%clk 00:59:50]}
Qf3+ {[%clk 00:25:47]} {[%emt 00:03:19]} 32. Kg1 {[%clk 01:00:18]} {[%emt
00:00:03]} Bd5 {[%clk 00:25:39]} {[%emt 00:00:39]} 33. Qxa5 {[%clk 00:56:28]}
{[%emt 00:04:20]} Be6 {[%clk 00:25:59]} {[%emt 00:00:11]} 34. Kf1 {[%clk
00:56:56]} Qd1+ {[%clk 00:24:43]} {[%emt 00:01:46]} 35. Kg2 {[%clk 00:57:25]}
{[%emt 00:00:02]} Ng4 {[%clk 00:18:27]} {[%emt 00:06:46]} 36. Nxe4 {[%clk
00:57:47]} {[%emt 00:00:07]} Qc2 {[%clk 00:18:49]} {[%emt 00:00:09]} 37. Qc3
{[%clk 00:57:57]} {[%emt 00:00:20]} Qxe4+ {[%clk 00:18:54]} {[%emt 00:00:24]}
38. f3 {[%clk 00:58:23]} {[%emt 00:00:04]} Nxe3+ {[%clk 00:19:17]} {[%emt
00:00:08]} 39. Kf2 {[%clk 00:58:23]} {[%emt 00:00:30]} Nd1+ {[%clk 00:19:38]}
{[%emt 00:00:08]} 0-1

[Event "XLIV Memoriał Szachowy Ludwika Zamenhofa 2025, Grupa A"]
[Site "Białystok, Poland"]
[Date "2025.12.31"]
[Round "9.20"]
[White "Serafin, Franciszek"]
[Black "Podgorski, Maciej"]
[Result "0-1"]
[TimeControl "90'+30\""]
[WhiteElo "2033"]
[BlackElo "2030"]

1. Nf3 {[%emt 00:06:38]} Nf6 {[%clk 01:23:40]} {[%emt 00:00:45]} 2. c4 {[%clk
01:31:13]} {[%emt 00:00:14]} g6 {[%clk 01:24:06]} {[%emt 00:00:04]} 3. g3
{[%clk 01:30:58]} {[%emt 00:00:45]} Bg7 {[%clk 01:24:32]} {[%emt 00:00:03]} 4.
Bg2 {[%clk 01:31:04]} {[%emt 00:00:24]} O-O {[%clk 01:24:56]} {[%emt 00:00:07]}
5. O-O {[%clk 01:31:23]} {[%emt 00:00:10]} c6 {[%clk 01:24:53]} {[%emt
00:00:34]} 6. d4 {[%clk 01:29:30]} {[%emt 00:02:23]} d5 {[%clk 01:25:14]}
{[%emt 00:00:08]} 7. Qb3 {[%clk 01:29:51]} {[%emt 00:00:09]} a5 {[%clk
01:25:14]} {[%emt 00:00:31]} 8. a3 {[%clk 01:27:40]} {[%emt 00:02:40]} a4
{[%clk 01:24:48]} {[%emt 00:00:57]} 9. Qa2 {[%clk 01:27:28]} {[%emt 00:00:42]}
dxc4 {[%clk 01:24:30]} {[%emt 00:00:47]} 10. Qxc4 {[%clk 01:27:22]} {[%emt
00:00:37]} Be6 {[%clk 01:23:32]} {[%emt 00:01:28]} 11. Qd3 {[%clk 01:26:43]}
{[%emt 00:01:09]} Nbd7 {[%clk 01:18:19]} {[%emt 00:05:42]} 12. Nc3 {[%clk
01:23:37]} {[%emt 00:03:37]} Nb6 {[%clk 01:17:13]} {[%emt 00:01:36]} 13. Ne5
{[%clk 01:12:32]} {[%emt 00:11:34]} Nfd7 {[%clk 01:16:57]} {[%emt 00:00:46]} 14.
Nf3 {[%clk 01:11:53]} {[%emt 00:01:09]} Bc4 {[%clk 01:12:45]} {[%emt 00:04:43]}
15. Qc2 {[%clk 01:11:53]} {[%emt 00:00:31]} Bb3 {[%clk 01:08:52]} {[%emt
00:04:22]} 16. Qd3 {[%clk 01:12:03]} {[%emt 00:00:20]} Ra5 {[%clk 01:06:15]}
{[%emt 00:03:07]} 17. Be3 {[%clk 01:08:59]} {[%emt 00:03:34]} Nc4 {[%clk
01:05:51]} {[%emt 00:00:54]} 18. Rab1 {[%clk 01:08:17]} {[%emt 00:01:13]} Nxe3
{[%clk 01:05:28]} {[%emt 00:00:52]} 19. fxe3 {[%clk 01:07:46]} {[%emt
00:01:01]} e5 {[%clk 01:01:39]} {[%emt 00:04:19]} 20. Nd2 {[%clk 01:02:21]}
{[%emt 00:05:55]} Be6 {[%clk 01:02:03]} {[%emt 00:00:05]} 21. Nc4 {[%clk
01:02:06]} {[%emt 00:00:45]} Bxc4 {[%clk 01:01:11]} {[%emt 00:01:22]} 22. Qxc4
{[%clk 01:02:28]} {[%emt 00:00:09]} exd4 {[%clk 01:01:27]} {[%emt 00:00:13]} 23.
exd4 {[%clk 01:00:47]} {[%emt 00:02:11]} Nb6 {[%clk 01:01:51]} {[%emt
00:00:07]} 24. Qa2 {[%clk 01:00:53]} {[%emt 00:00:24]} Qxd4+ {[%clk 00:58:45]}
{[%emt 00:03:35]} 25. Kh1 {[%clk 01:01:17]} {[%emt 00:00:06]} Rh5 {[%clk
00:53:59]} {[%emt 00:05:16]} 26. Rf4 {[%clk 01:00:50]} {[%emt 00:00:58]} Qe3
{[%clk 00:51:25]} {[%emt 00:03:04]} 27. Rf3 {[%clk 00:59:50]} {[%emt 00:01:30]}
Qh6 {[%clk 00:49:58]} {[%emt 00:01:56]} 28. h4 {[%clk 00:58:42]} {[%emt
00:01:38]} g5 {[%clk 00:46:37]} {[%emt 00:03:52]} 29. Rbf1 {[%clk 00:58:09]}
{[%emt 00:01:03]} Qg6 {[%clk 00:42:47]} {[%emt 00:04:20]} 30. Ne4 {[%clk
00:48:25]} {[%emt 00:10:14]} Qxe4 {[%clk 00:36:27]} {[%emt 00:06:49]} 31. Rxf7
{[%clk 00:47:59]} {[%emt 00:00:57]} Qc4 {[%clk 00:35:21]} {[%emt 00:01:36]} 32.
Qxc4 {[%clk 00:47:07]} {[%emt 00:01:22]} Nxc4 {[%clk 00:35:45]} {[%emt
00:00:06]} 33. Rxb7 {[%emt 00:01:19]} Rxf1+ {[%clk 00:35:29]} {[%emt 00:00:01]}
34. Bxf1 {[%clk 00:47:25]} {[%emt 00:00:06]} gxh4 {[%clk 00:35:41]} {[%emt
00:00:19]} 35. g4 {[%clk 00:47:27]} {[%emt 00:00:28]} Rb5 {[%clk 00:35:37]}
{[%emt 00:00:34]} 0-1

[Event "XLIV Memoriał Szachowy Ludwika Zamenhofa 2025, Grupa A"]
[Site "Białystok, Poland"]
[Date "2025.12.31"]
[Round "9.21"]
[White "Wites, Adam"]
[Black "Ejsymont, Blanka"]
[Result "1/2-1/2"]
[TimeControl "90'+30\""]
[WhiteElo "2017"]
[BlackElo "2049"]

1. e4 {[%clk 01:30:57]} {[%emt 00:00:03]} e6 {[%clk 01:30:59]} {[%emt
00:00:02]} 2. d4 {[%emt 00:00:07]} d5 {[%clk 01:31:24]} {[%emt 00:00:04]} 3.
Nc3 {[%clk 01:31:46]} {[%emt 00:00:04]} dxe4 {[%clk 01:31:49]} {[%emt
00:00:05]} 4. Nxe4 {[%clk 01:32:11]} {[%emt 00:00:06]} Nd7 {[%clk 01:32:14]}
{[%emt 00:00:06]} 5. Nf3 {[%clk 01:30:33]} {[%emt 00:02:07]} Ngf6 {[%clk
01:32:37]} {[%emt 00:00:07]} 6. Nxf6+ {[%clk 01:30:22]} {[%emt 00:00:41]} Nxf6
{[%emt 00:00:09]} 7. Ne5 {[%clk 01:30:24]} {[%emt 00:00:27]} a6 {[%clk
01:24:49]} {[%emt 00:08:40]} 8. Be3 {[%clk 01:26:28]} {[%emt 00:04:25]} Be7
{[%clk 01:13:27]} {[%emt 00:11:52]} 9. Bd3 {[%clk 01:23:18]} {[%emt 00:03:41]}
c5 {[%clk 01:11:01]} {[%emt 00:02:56]} 10. Be2 {[%clk 01:13:28]} {[%emt
00:10:20]} Nd5 {[%emt 00:10:30]} 11. O-O {[%clk 01:07:53]} {[%emt 00:06:03]}
O-O {[%clk 00:53:56]} {[%emt 00:07:37]} 12. c4 {[%clk 00:59:25]} {[%emt
00:08:57]} Nxe3 {[%clk 00:49:16]} {[%emt 00:05:12]} 13. fxe3 {[%clk 00:59:37]}
{[%emt 00:00:17]} cxd4 {[%clk 00:45:31]} {[%emt 00:04:14]} 14. Qxd4 {[%clk
00:50:52]} {[%emt 00:09:15]} Qc7 {[%clk 00:36:48]} {[%emt 00:09:13]} 15. Rad1
{[%clk 00:36:32]} {[%emt 00:14:50]} Bc5 {[%clk 00:24:29]} {[%emt 00:12:49]} 16.
Qc3 {[%clk 00:34:17]} {[%emt 00:02:45]} f6 {[%clk 00:24:18]} {[%emt 00:00:41]}
17. Nf3 {[%clk 00:30:36]} {[%emt 00:04:10]} Qb6 {[%clk 00:23:59]} {[%emt
00:00:50]} 18. Nd4 {[%clk 00:26:39]} {[%emt 00:04:27]} e5 {[%clk 00:24:11]}
{[%emt 00:00:19]} 19. Nc2 {[%clk 00:26:49]} {[%emt 00:00:19]} a5 {[%clk
00:24:29]} {[%emt 00:00:13]} 20. Kh1 {[%clk 00:24:06]} {[%emt 00:03:12]} Be6
{[%clk 00:24:34]} {[%emt 00:00:24]} 21. Bf3 {[%clk 00:23:55]} {[%emt 00:00:42]}
Rfd8 {[%clk 00:21:32]} {[%emt 00:03:33]} 22. Bd5 {[%clk 00:22:04]} {[%emt
00:02:21]} Bxd5 {[%clk 00:17:17]} {[%emt 00:04:45]} 23. Rxd5 {[%clk 00:21:44]}
{[%emt 00:00:49]} Qc7 {[%clk 00:14:04]} {[%emt 00:03:42]} 24. e4 {[%clk
00:20:37]} {[%emt 00:01:38]} b6 {[%clk 00:13:55]} {[%emt 00:00:40]} 25. Qd3
{[%clk 00:17:48]} {[%emt 00:03:17]} Rac8 {[%clk 00:12:55]} {[%emt 00:01:31]} 26.
b3 {[%clk 00:15:41]} {[%emt 00:02:38]} Rd6 {[%clk 00:10:17]} {[%emt 00:03:08]}
27. Ne3 {[%clk 00:15:12]} {[%emt 00:00:59]} Rxd5 {[%clk 00:08:21]} {[%emt
00:02:25]} 28. Nxd5 {[%clk 00:15:34]} {[%emt 00:00:09]} Qd6 {[%clk 00:06:49]}
{[%emt 00:02:01]} 29. Qg3 {[%clk 00:14:36]} {[%emt 00:01:28]} Kh8 {[%clk
00:06:51]} {[%emt 00:00:28]} 30. Qg4 {[%clk 00:14:32]} {[%emt 00:00:35]} Rd8
{[%clk 00:06:10]} {[%emt 00:01:12]} 31. Rf3 {[%clk 00:13:07]} {[%emt 00:01:52]}
Qd7 {[%clk 00:06:05]} {[%emt 00:00:35]} 32. Qh4 {[%clk 00:12:00]} {[%emt
00:01:37]} Qf7 {[%clk 00:05:28]} {[%emt 00:01:05]} 33. Rf5 {[%clk 00:10:34]}
{[%emt 00:01:58]} Rd6 {[%clk 00:02:29]} {[%emt 00:03:28]} 34. g4 {[%clk
00:07:29]} {[%emt 00:03:38]} Kg8 {[%clk 00:01:05]} {[%emt 00:01:52]} 35. g5
{[%clk 00:05:01]} {[%emt 00:02:59]} fxg5 {[%clk 00:01:26]} {[%emt 00:00:10]} 36.
Qxg5 {[%clk 00:03:55]} {[%emt 00:01:36]} h6 {[%clk 00:01:19]} {[%emt 00:00:38]}
37. Rxf7 {[%clk 00:02:28]} {[%emt 00:01:56]} hxg5 {[%clk 00:01:44]} {[%emt
00:00:04]} 38. Rf5 {[%clk 00:02:50]} {[%emt 00:00:08]} Bd4 {[%clk 00:01:24]}
{[%emt 00:00:50]} 39. Rxg5 {[%emt 00:01:18]} Rd8 {[%clk 00:00:50]} 40. Rf5
{[%clk 00:02:05]} {[%emt 00:01:31]} g6 {[%clk 00:00:54]} {[%emt 00:00:26]} 41.
Rf6 {[%clk 00:00:35]} {[%emt 00:02:00]} Kg7 {[%clk 00:01:14]} {[%emt 00:00:11]}
42. Rf3 {[%clk 00:00:36]} {[%emt 00:00:28]} Rh8 {[%clk 00:01:32]} {[%emt
00:00:13]} 43. Rf1 {[%clk 00:00:32]} {[%emt 00:00:34]} Rh3 {[%clk 00:01:18]}
{[%emt 00:00:43]} 44. Re1 {[%clk 00:00:36]} {[%emt 00:00:27]} a4 {[%clk
00:01:09]} {[%emt 00:00:39]} 45. Rb1 {[%clk 00:00:32]} {[%emt 00:00:34]} a3
{[%clk 00:01:19]} {[%emt 00:00:20]} 46. b4 {[%clk 00:00:35]} {[%emt 00:00:27]}
Rd3 {[%clk 00:01:25]} {[%emt 00:00:24]} 47. Rc1 {[%clk 00:00:33]} {[%emt
00:00:32]} Rd2 {[%clk 00:00:32]} {[%emt 00:01:22]} 48. c5 {[%clk 00:00:38]}
{[%emt 00:00:26]} bxc5 {[%clk 00:00:52]} {[%emt 00:00:10]} 49. bxc5 {[%clk
00:01:06]} {[%emt 00:00:01]} Rxa2 {[%clk 00:00:48]} {[%emt 00:00:34]} 50. c6
{[%clk 00:01:18]} {[%emt 00:00:19]} Rf2 {[%clk 00:01:10]} {[%emt 00:00:08]} 51.
c7 {[%emt 00:00:46]} Rf8 {[%clk 00:01:38]} 52. Rc2 {[%clk 00:00:33]} {[%emt
00:01:02]} Rc8 {[%clk 00:01:28]} {[%emt 00:00:40]} 53. Ne7 {[%clk 00:00:32]}
{[%emt 00:00:31]} a2 {[%clk 00:01:27]} {[%emt 00:00:31]} 54. Rxa2 {[%clk
00:00:39]} {[%emt 00:00:24]} Rxc7 {[%clk 00:01:54]} {[%emt 00:00:02]} 55. Nd5
{[%clk 00:00:59]} {[%emt 00:00:10]} Rc1+ {[%clk 00:01:44]} {[%emt 00:00:40]} 56.
Kg2 {[%clk 00:01:24]} {[%emt 00:00:05]} Rg1+ {[%clk 00:01:31]} {[%emt
00:00:42]} 57. Kf3 {[%clk 00:01:34]} {[%emt 00:00:19]} Rf1+ {[%clk 00:01:57]}
{[%emt 00:00:06]} 58. Kg2 {[%clk 00:01:52]} {[%emt 00:00:13]} Rg1+ {[%clk
00:02:18]} {[%emt 00:00:08]} 59. Kf3 {[%clk 00:01:41]} {[%emt 00:00:41]} Rf1+
{[%clk 00:02:42]} {[%emt 00:00:07]} 1/2-1/2